MDQL
is popping MORE tags! Check the
thread
!
Quizzes
Events
Quiz Creation
Community
Videos
Private Events
Remove Ads
Sign In
Join for FREE
Feedback
Dark Mode
Quiz Categories
Sports
Geography
Music
Movies
Television
Just For Fun
Miscellaneous
History
Literature
Language
Science
Gaming
Entertainment
Religion
Holiday
For Kids
Quiz Lab
Recent
Popular Today
Quiz Kudos Today
Editor Picks
Curator Picks
Quizzes by...
Day
Popularity
Type
Ratings
Length
Year
Community
Subscriptions
Recent Discussions
Orange Saloon
Badges
Playlists
Quests
Create
Leaderboards
Showdown
Live 5
Trivia Bingo
Activity
Puzzle Library
Sporcle Events
Private Events
Virtual Trivia
Globe League
Become a Host
Pub Owners
SporcleCon
Opinionation
Our Games
Videos
Blog
Mobile Apps
Partnerships
Remove Ads and Go Orange
Feedback
Sports
Athletes
MLB
NBA
NHL
NFL
Soccer
Sports Teams
WWE
NCAA
Football
Premier League
Basketball
Baseball
Hockey
Golf
Tennis
Cricket
Rugby
Auto Racing
Olympics
World Cup
Sports
Athletes
MLB
NBA
NHL
NFL
Soccer
Sports Teams
WWE
NCAA
Football
Premier League
Basketball
Baseball
Hockey
Golf
Tennis
Cricket
Rugby
Auto Racing
Olympics
World Cup
Random Quiz
Search Sporcle
×
Quiz Lab
Quiz Lab
Sports
World
Type in answers that appear in a list
Type in answers that appear in a list
Classic
Best Score? Go Orange.
WWF World Title Matches at MSG 1974-82 Stats
Can you name the WWF World Title Matches at MSG from 1974-82?
By
PaulyVercillo
20m
190 Questions
1,042 Plays
1,042 Plays
1,042 Plays
Comments
Comments
Give Quiz Kudos
Give Quiz Kudos
-
- Ratings
hide this ad
Replay
Link that replays current quiz
Next Quiz
Link to next quiz in quiz playlist
You Got
0%
They Got
Avg Score
81%
Avg Friend Score
Upgrade to see
Score Distribution
Jump to the score distribution portion of the page
Score
0/190
Timer
20:00
0
Plays Today
Date
Wrestler
% Correct
1/
14/
74
Bruno Sammartino
99.5%
3/
4/
74
Bruno Sammartino
99.5%
4/
1/
74
Bruno Sammartino
99.5%
4/
29/
74
Bruno Sammartino
99.5%
5/
20/
74
Bruno Sammartino
99.5%
7/
22/
74
Bruno Sammartino
99.5%
11/
18/
74
Bruno Sammartino
99.5%
12/
16/
74
Bruno Sammartino
99.5%
2/
17/
75
Bruno Sammartino
99.5%
3/
17/
75
Bruno Sammartino
99.5%
4/
14/
75
Bruno Sammartino
99.5%
5/
19/
75
Bruno Sammartino
99.5%
6/
16/
75
Bruno Sammartino
99.5%
7/
12/
75
Bruno Sammartino
99.5%
8/
9/
75
Bruno Sammartino
99.5%
10/
13/
75
Bruno Sammartino
99.5%
11/
17/
75
Bruno Sammartino
99.5%
12/
15/
75
Bruno Sammartino
99.5%
1/
12/
76
Bruno Sammartino
99.5%
2/
2/
76
Bruno Sammartino
99.5%
3/
1/
76
Bruno Sammartino
99.5%
4/
26/
76
Bruno Sammartino
99.5%
8/
7/
76
Bruno Sammartino
99.5%
9/
4/
76
Bruno Sammartino
99.5%
10/
4/
76
Bruno Sammartino
99.5%
10/
25/
76
Bruno Sammartino
99.5%
11/
22/
76
Bruno Sammartino
99.5%
12/
20/
76
Bruno Sammartino
99.5%
1/
17/
77
Bruno Sammartino
99.5%
2/
7/
77
Bruno Sammartino
99.5%
3/
7/
77
Bruno Sammartino
99.5%
3/
28/
77
Bruno Sammartino
99.5%
4/
25/
77
Bruno Sammartino
99.5%
6/
27/
77
Bruno Sammartino
99.4%
8/
1/
77
Bruno Sammartino
99.4%
2/
20/
78
Bob Backlund
98.8%
3/
20/
78
Bob Backlund
98.8%
4/
24/
78
Bob Backlund
98.8%
5/
22/
78
Bob Backlund
98.8%
6/
26/
78
Bob Backlund
98.8%
7/
24/
78
Bob Backlund
98.8%
8/
28/
78
Bob Backlund
98.8%
9/
25/
78
Bob Backlund
98.8%
10/
23/
78
Bob Backlund
98.8%
11/
20/
78
Bob Backlund
98.8%
12/
18/
78
Bob Backlund
98.8%
1/
22/
79
Bob Backlund
98.8%
2/
19/
79
Bob Backlund
98.8%
3/
26/
79
Bob Backlund
98.8%
4/
30/
79
Bob Backlund
98.8%
6/
4/
79
Bob Backlund
98.8%
7/
2/
79
Bob Backlund
98.8%
7/
30/
79
Bob Backlund
98.8%
8/
27/
79
Bob Backlund
98.8%
9/
24/
79
Bob Backlund
98.8%
10/
22/
79
Bob Backlund
98.8%
11/
19/
79
Bob Backlund
98.8%
12/
17/
79
Bob Backlund
98.8%
1/
21/
80
Bob Backlund
98.8%
2/
18/
80
Bob Backlund
98.8%
3/
24/
80
Bob Backlund
98.8%
4/
21/
80
Bob Backlund
98.8%
5/
19/
80
Bob Backlund
98.8%
6/
16/
80
Bob Backlund
98.8%
Date
Wrestler
% Correct
9/
22/
80
Bob Backlund
98.8%
10/
20/
80
Bob Backlund
98.8%
12/
29/
80
Bob Backlund
98.8%
2/
16/
81
Bob Backlund
98.8%
3/
16/
81
Bob Backlund
98.8%
4/
6/
81
Bob Backlund
98.8%
5/
4/
81
Bob Backlund
98.8%
6/
8/
81
Bob Backlund
98.8%
7/
20/
81
Bob Backlund
98.8%
8/
24/
81
Bob Backlund
98.8%
9/
21/
81
Bob Backlund
98.8%
10/
19/
81
Bob Backlund
98.8%
11/
23/
81
Bob Backlund
98.8%
1/
18/
82
Bob Backlund
98.8%
2/
15/
82
Bob Backlund
98.8%
3/
14/
82
Bob Backlund
98.8%
4/
26/
82
Bob Backlund
98.8%
6/
5/
82
Bob Backlund
98.8%
6/
28/
82
Bob Backlund
98.8%
8/
2/
82
Bob Backlund
98.8%
8/
30/
82
Bob Backlund
98.8%
10/
4/
82
Bob Backlund
98.8%
11/
22/
82
Bob Backlund
98.8%
12/
28/
82
Bob Backlund
98.8%
1/
12/
76
'Superstar' Billy Graham
96.4%
2/
2/
76
'Superstar' Billy Graham
96.4%
5/
16/
77
'Superstar' Billy Graham
96.4%
6/
27/
77
'Superstar' Billy Graham
96.4%
8/
1/
77
'Superstar' Billy Graham
96.4%
8/
29/
77
'Superstar' Billy Graham
96.4%
9/
26/
77
'Superstar' Billy Graham
96.4%
10/
24/
77
'Superstar' Billy Graham
96.4%
11/
21/
77
'Superstar' Billy Graham
96.4%
12/
19/
77
'Superstar' Billy Graham
96.4%
1/
23/
78
'Superstar' Billy Graham
96.4%
2/
20/
78
'Superstar' Billy Graham
96.4%
3/
20/
78
'Superstar' Billy Graham
96.4%
4/
24/
78
'Superstar' Billy Graham
96.4%
10/
4/
82
'Superstar' Billy Graham
96.4%
11/
22/
82
'Superstar' Billy Graham
96.4%
12/
28/
82
'Superstar' Billy Graham
96.4%
10/
13/
75
Ivan Koloff
87.1%
11/
17/
75
Ivan Koloff
87.1%
12/
15/
75
Ivan Koloff
87.1%
8/
28/
78
Ivan Koloff
87.1%
9/
25/
78
Ivan Koloff
87.1%
9/
26/
77
Dusty Rhodes
80.2%
10/
24/
77
Dusty Rhodes
80.2%
2/
19/
79
Greg Valentine
79.3%
3/
26/
79
Greg Valentine
79.3%
10/
19/
81
Greg Valentine
79.3%
11/
23/
81
Greg Valentine
79.3%
6/
4/
79
Hussein Arab
78.7%
8/
24/
81
Don Muraco
78.7%
9/
21/
81
Don Muraco
78.7%
4/
26/
82
Jimmy Snuka
77.6%
6/
5/
82
Jimmy Snuka
77.6%
6/
28/
82
Jimmy Snuka
77.6%
11/
22/
76
Stan Stasiak
77.5%
12/
20/
76
Stan Stasiak
77.5%
7/
2/
79
Pat Patterson
73.8%
7/
30/
79
Pat Patterson
73.8%
8/
27/
79
Pat Patterson
73.8%
9/
24/
79
Pat Patterson
73.8%
Date
Wrestler
% Correct
9/
22/
80
Harley Race
71.4%
10/
20/
80
Sgt. Slaughter
71.1%
5/
16/
77
Gorilla Monsoon
70.8%
4/
21/
80
Afa
67.7%
3/
24/
80
Sika
67.4%
3/
4/
74
Nikolai Volkoff
67.1%
4/
1/
74
Nikolai Volkoff
67.1%
10/
25/
76
Nikolai Volkoff
67.1%
1/
17/
77
Ken Patera
66.8%
2/
7/
77
Ken Patera
66.8%
3/
7/
77
Ken Patera
66.8%
5/
22/
78
Ken Patera
66.8%
2/
18/
80
Ken Patera
66.8%
5/
19/
80
Ken Patera
66.8%
1/
21/
80
Ken Patera
66.1%
4/
26/
76
Stan Hansen
65.2%
8/
7/
76
Stan Hansen
65.2%
2/
16/
81
Stan Hansen
65.2%
3/
16/
81
Stan Hansen
65.2%
4/
6/
81
Stan Hansen
65.2%
10/
22/
79
Swede Hansen
63.8%
4/
29/
74
Killer Kowalski
62.4%
5/
20/
74
Killer Kowalski
62.4%
7/
12/
75
George 'The Animal' Steele
60.5%
8/
9/
75
George 'The Animal' Steele
60.5%
7/
24/
78
George 'The Animal' Steele
60.5%
7/
20/
81
George 'The Animal' Steele
60.5%
3/
14/
82
Jesse Ventura
60.2%
1/
18/
82
Adrian Adonis
56.7%
2/
15/
82
Adrian Adonis
56.7%
6/
16/
80
Larry Zbyszko
55.3%
8/
2/
82
Bob Orton Jr.
54.7%
3/
1/
76
Ernie Ladd
54.6%
10/
23/
78
Ernie Ladd
54.6%
8/
29/
77
Ivan Putski
54.5%
5/
19/
75
Waldo Von Erich
54.3%
6/
16/
75
Waldo Von Erich
54.3%
3/
28/
77
Baron Von Raschke
54.2%
4/
25/
77
Baron Von Raschke
54.2%
11/
21/
77
Peter Maivia
46.9%
11/
20/
78
Peter Maivia
46.9%
12/
18/
78
Peter Maivia
46.9%
1/
22/
79
Peter Maivia
46.9%
8/
30/
82
Buddy Rose
45%
9/
4/
76
Bruiser Brody
43.7%
10/
4/
76
Bruiser Brody
43.7%
2/
17/
75
Spiros Arion
43%
3/
17/
75
Spiros Arion
43%
4/
14/
75
Spiros Arion
43%
6/
26/
78
Spiros Arion
43%
12/
19/
77
Mil Mascaras
42.9%
1/
23/
78
Mil Mascaras
42.9%
11/
18/
74
Bobby Duncum
39.1%
12/
16/
74
Bobby Duncum
39.1%
11/
19/
79
Bobby Duncum
39.1%
12/
17/
79
Bobby Duncum
39.1%
12/
29/
80
Killer Khan
38%
5/
4/
81
King Kong Mosca
31.9%
6/
8/
81
King Kong Mosca
31.9%
4/
30/
79
Bulldog Brower
30.3%
1/
14/
74
Don Leo Jonathan
30%
7/
22/
74
John Tolos
26.8%
Quiz Playlist
Details
Report
Send in Message
Add To Playlist
Classic:
Type in answers that appear in a list
Quiz Source
Last Updated: May 5, 2017
Quiz Scoreboard
CHALLENGE
Sign Up to Join the Scoreboard
Show All
Scores
Hide
Comments
May contain spoilers
Recently Published
Image Sorting: Flags VI
by Barbecue
Geography
2m
Find the 'City' Movie
by crazypaving
Movies
60s
Colored Red Africa Blitz
by spor1
Geography
45s
More to Explore
Quiz From the Vault
Featured Blog Post
14 Easter Pick-up Lines to Find Eggs With
hide this ad
You Might Also Like...
Tags
World Quiz
date
Matching
msg
Title Matches
Wrestlers
WWF
WWF World
Today's Top Quizzes in Sports
Browse Sports
hide this ad
Today's Top Quizzes in World
Browse World
Top Contributed Quizzes in Sports
1
Les meilleurs buteurs des matchs entre le PSG et l’OM
2
Les entraîneurs de l'OM et du PSG au 21e siècle
3
Les joueurs passés par le PSG et l'OM
4
2022 World Cup Stars
5
Players with Multiple 50 Home Run Seasons
6
Criteria MLB: Left Handed Sluggers
7
MLB Players with Two .350 Batting Average Seasons
8
Les joueurs passés par le LOSC et le RC Lens
9
NBA Logic Puzzle 2.0
10
Top 10 NHL Goal Scorers of All Time
Explore More
Trending Topics
Harry Potter
NBA
Disney
Marvel
Anime
Crossword
Kpop
Puzzle
NFL
Soccer
Pokémon
Song
The Office
Country
WWE
hide this ad
More By:
PaulyVercillo
Quiz
Plays
Rating
Category
Featured
Created
SNL Cast Members
65,449
4.67
Television
Oct 2, 2009
WWE PPV Wrestlers Debuts 2010-2016
6,185
3.38
Sports
Oct 26, 2009
WWE PPV Wrestlers Debuts 1985-1996
5,595
3.89
Sports
Oct 25, 2009
New York Mets Debuts 2015-2023
1,847
4.00
Sports
Mar 21, 2010
WWE PPV Wrestlers Debuts 1997-2009
1,791
2.57
Sports
Oct 25, 2009
Go to Creator's Profile
Score Distribution
Quiz Creator Spotlight
PaulyVercillo
Follow
Send a Message
Quizzes Created
-
Created Quiz Play Count
-
More By This Creator
Popular Quizzes Today
1
Colored Red Africa Blitz
2
Find the US States - No Outlines Minefield
3
Find the 'City' Movie
4
5x2 Blitz: Bands
5
The Countries of the World
6
Find the US States
7
Find the Countries of Europe - No Outlines Minefield
8
US States
More Sports Quizzes
What Team Drafted These NHL Players (Part 1)
Quiz Lab
Trending Quizzes
Colored Red Europe Blitz I
Colored Red Europe Blitz II
Colored Red Africa Blitz II
Colored Red Europe Blitz III
Colored Red Africa Blitz III
Recently Updated
How Do You Spell That?
pecheneg
Godzilla Movies
pecheneg
Grab Bag: 4-10 Letters
pecheneg
2024 March Madness Bracket
pecheneg
Famous TV Couples
Peacemaker
Champions League XIs: Real Madrid
pecheneg
Largest US Cities 1790-2010
pecheneg
Rides in Walt Disney World
pecheneg
Most Oscar Losses (Acting)
pecheneg
Beyoncé Albums
pecheneg
Trending Topics
Kpop
Anime
Marvel
Disney
Crossword
NBA
Harry Potter
Country
Song
The Office
WWE
Puzzle
Pokémon
NFL
Soccer
Your Account Isn't Verified!
In order to create a playlist on Sporcle, you need to verify the email address you used during registration. Go to your
Sporcle Settings
to finish the process.
Report this User
Report this user for behavior that violates our
Community Guidelines
.
Details:
Send Report
Go to the Sporcle.com Mobile Site →
Comments